000 00641nam a2200193Ia 4500
005 20250508153728.0
008 008 250505s9999 xx 000 0 eng d
037 _aTextual
040 _aFEDL
_beng
_cFEDL
041 _aeng
_2eng
084 _a370.193, OLS
_qFEDL
100 _aOlsen Edward G.
245 0 _aSchool and community programs : A casebook of successful practice from kindergarten through college and adult educaion
260 _aNew York, USA
_bPrentice - Hall, Inc
_c1949
300 _axiv,510p
490 _aPrentice - Hall education series
942 _cTEXL
_h370.193, OLS
999 _c1345042
_d1345042